[Event "EIWCC 2017"]
[Site "Riga"]
[Date "2017.04.13"]
[Round "3"]
[White "Skripchenko, Almira"]
[Black "Ivanenko, Olga I"]
[Result "1/2-1/2"]
[WhiteElo "2420"]
[BlackElo "2252"]
[Annotator "TA"]
[PlyCount "103"]
[EventDate "2017.??.??"]
[EventType "swiss"]
[EventCountry "LAT"]
[SourceTitle "playchess.com"]
[Source "ChessBase"]
[SourceQuality "1"]
[TimeControl "40/5400+30:1800+30"]

1. e4 {[%emt 0:00:00]} c5 {[%emt 0:00:07]} 2. Nc3 {[%emt 0:00:18]} a6 {[%emt 0:00:14]} 3. g3 {[%emt 0:01:14]} b5 {[%emt 0:00:14]} 4. Bg2 {[%emt 0:00:06]} Bb7 {[%emt 0:00:06]} 5. d3 {[%emt 0:00:18]} e6 {[%emt 0:00:10]} 6. Nh3 {[%emt 0:00:06]} Nf6 {[%emt 0:09:03]} 7. O-O {[%emt 0:00:10]} d5 {[%emt 0:00:48]} 8. e5 {[%emt 0:13:10]} Nfd7 {[%emt 0:00:16]} 9. f4 {[%emt 0:00:10]} Be7 {[%emt 0:20:37]} 10. f5 {[%emt 0:07:28]} Nxe5 {[%emt 0:07:48]} 11. fxe6 {[%emt 0:01:54]} fxe6 {[%emt 0:02:25]} 12. Qh5+ {[%emt 0:01:55]} Ng6 {[%emt 0:00:05]} 13. Ng5 {[%emt 0:09:55]} Bxg5 {[%emt 0:03:26]} 14. Bxg5 {[%emt 0:00:17]} Qd6 {[%emt 0:04:18]} 15. Rae1 {[%emt 0:01:18]} Nd7 {[%emt 0:19:35]} 16. a3 {[%emt 0:17:18]} e5 {[%emt 0:15:28]} 17. Rf5 {[%emt 0:05:57]} Rf8 {[%emt 0:01:19]} 18. Rxf8+ {[%emt 0:05:26]} Ndxf8 {[%emt 0:02:10]} 19. Bf4 {[%emt 0:00:26]} O-O-O {[%emt 0:04:12]} 20. Bxe5 {[%emt 0:00:36]} Nxe5 {[%emt 0:00:19]} 21. Qxe5 {[%emt 0:01:01]} Qxe5 {[%emt 0:07:10]} 22. Rxe5 {[%emt 0:00:05]} Ng6 {[%emt 0:00:37]} 23. Rh5 {[%emt 0:00:08]} Re8 {[%emt 0:00:56]} 24. Bxd5 {[%emt 0:10:33]} Re1+ {[%emt 0:00:23]} 25. Kf2 {[%emt 0:00:05]} Rc1 {[%emt 0:00:18]} 26. Bb3 {[%emt 0:00:53]} c4 {[%emt 0:00:41]} 27. dxc4 {[%emt 0:00:05]} bxc4 {[%emt 0:00:08]} 28. Rc5+ {[%emt 0:01:36]} Kd7 {[%emt 0:00:25]} 29. Rxc4 {[%emt 0:00:05]} Rh1 {[%emt 0:00:16]} 30. h4 {[%emt 0:01:32]} Rh2+ {[%emt 0:00:11]} 31. Ke3 {[%emt 0:00:14]} Rg2 {[%emt 0:00:43]} 32. Rg4 {[%emt 0:00:42]} Kd6 {[%emt 0:01:17]} 33. h5 {[%emt 0:00:30]} Ne7 {[%emt 0:00:18]} 34. Ne4+ {[%emt 0:01:10]} Ke5 {[%emt 0:00:34]} 35. Kd3 {[%emt 0:07:09]} Nf5 {[%emt 0:00:36]} 36. Bc4 {[%emt 0:08:09]} h6 {[%emt 0:00:38]} 37. b4 {[%emt 0:00:34]} Rg1 {[%emt 0:00:14]} 38. c3 {[%emt 0:02:48]} Re1 {[%emt 0:00:49]} 39. Nf2 {[%emt 0:03:21]} Re3+ {[%emt 0:00:19]} 40. Kd2 {[%emt 0:00:00]} Rxg3 {[%emt 0:00:34]} 41. Nd3+ {[%emt 0:11:03]} Kd6 {[%emt 0:02:41]} 42. Rf4 {[%emt 0:06:19]} Rg2+ {[%emt 0:01:11]} 43. Kc1 {[%emt 0:00:13]} Ne3 {[%emt 0:09:13]} 44. Rd4+ {[%emt 0:01:44]} Kc7 {[%emt 0:00:10]} 45. Nc5 {[%emt 0:02:11]} Rc2+ {[%emt 0:07:38]} 46. Kb1 {[%emt 0:00:21]} Rxc3 {[%emt 0:00:19]} 47. Rd7+ {[%emt 0:00:21]} Kc6 {[%emt 0:00:07]} 48. Rxb7 {[%emt 0:07:51]} Nxc4 {[%emt 0:00:40]} 49. Rxg7 {[%emt 0:00:16]} Nxa3+ {[%emt 0:01:34]} 50. Kb2 {[%emt 0:00:31]} Rh3 {[%emt 0:00:05]} 51. Rg6+ {[%emt 0:01:53]} Kb5 {[%emt 0:00:14]} 52. Rxh6 {[%emt 0:02:48]} 1/2-1/2

[Event "EIWCC 2017"]
[Site "Riga"]
[Date "2017.04.13"]
[Round "3"]
[White "Szczepkowska, Karina"]
[Black "Baptista, Ana Filipa"]
[Result "1-0"]
[WhiteElo "2414"]
[BlackElo "2071"]
[Annotator "NA"]
[PlyCount "45"]
[EventDate "2017.??.??"]
[EventType "swiss"]
[EventCountry "LAT"]
[SourceTitle "playchess.com"]
[Source "ChessBase"]
[SourceQuality "1"]
[TimeControl "40/5400+30:1800+30"]

1. d4 {[%emt 0:00:00]} Nf6 {[%emt 0:00:11]} 2. c4 {[%emt 0:00:00]} e6 {[%emt 0:00:19]} 3. Nf3 {[%emt 0:00:02]} b6 {[%emt 0:00:20]} 4. a3 {[%emt 0:00:06]} Bb7 {[%emt 0:00:33]} 5. Nc3 {[%emt 0:00:20]} d5 {[%emt 0:00:38]} 6. Bg5 {[%emt 0:00:12]} Be7 {[%emt 0:02:14]} 7. Qa4+ {[%emt 0:00:06]} c6 {[%emt 0:01:26]} 8. Bxf6 {[%emt 0:04:38]} Bxf6 {[%emt 0:02:08]} 9. cxd5 {[%emt 0:00:12]} exd5 {[%emt 0:00:36]} 10. g3 {[%emt 0:01:39]} O-O {[%emt 0:04:24]} 11. Bg2 {[%emt 0:00:34]} Re8 {[%emt 0:10:29]} 12. O-O {[%emt 0:01:11]} g6 {[%emt 0:06:09]} 13. Rfe1 {[%emt 0:04:48]} Bg7 {[%emt 0:03:09]} 14. e4 {[%emt 0:03:28]} dxe4 {[%emt 0:09:08]} 15. Nxe4 {[%emt 0:01:05]} Na6 {[%emt 0:01:19]} 16. Rad1 {[%emt 0:06:44]} Qb8 {[%emt 0:03:13]} (16... Nc7 $11) 17. h4 {[%emt 0:14:39]} h6 {[%emt 0:08:16]} 18. Qc4 {[%emt 0:05:31]} Qc7 $16 {[%emt 0:05:54]} 19. Ne5 {[%emt 0:11:54]} Rad8 {[%emt 0:21:49]} 20. Nxg6 {[%emt 0:10:49]} b5 {[%emt 0:01:16]} 21. Qb3 {[%emt 0:01:29]} Bc8 {[%emt 0:01:29]} 22. Nf4 {[%emt 0:02:57]} Rxd4 {[%emt 0:02:30]} 23. Nf6+ {[%emt 0:03:40]} 1-0

[Event "EIWCC 2017"]
[Site "Riga"]
[Date "2017.04.13"]
[Round "3"]
[White "Pustovoitova, Daria"]
[Black "Mammadova, Narmin"]
[Result "1-0"]
[WhiteElo "2411"]
[BlackElo "2240"]
[Annotator "ChessBase"]
[PlyCount "119"]
[EventDate "2017.??.??"]
[EventType "swiss"]
[EventCountry "LAT"]
[SourceTitle "playchess.com"]
[Source "ChessBase"]
[SourceQuality "1"]
[TimeControl "40/5400+30:1800+30"]

1. c4 {[%emt 0:00:26]} e6 {[%emt 0:00:29]} 2. d4 {[%emt 0:00:08]} d5 {[%emt 0:00:03]} 3. Nc3 {[%emt 0:01:45]} Nf6 {[%emt 0:01:25]} 4. cxd5 {[%emt 0:00:16]} exd5 {[%emt 0:00:05]} 5. Bg5 {[%emt 0:00:40]} Be7 {[%emt 0:00:13]} 6. e3 {[%emt 0:00:09]} O-O {[%emt 0:01:03]} 7. Bd3 {[%emt 0:00:04]} c6 {[%emt 0:00:23]} 8. Qc2 {[%emt 0:00:53]} Nbd7 {[%emt 0:05:15]} 9. Nge2 {[%emt 0:00:25]} Re8 {[%emt 0:02:16]} 10. f3 {[%emt 0:02:35]} Nf8 {[%emt 0:01:57]} 11. Bh4 {[%emt 0:09:23]} Ng6 {[%emt 0:07:01]} 12. Bf2 {[%emt 0:00:16]} c5 {[%emt 0:01:59]} 13. Qd2 {[%emt 0:06:42]} cxd4 {[%emt 0:08:57]} 14. Nxd4 {[%emt 0:05:48]} Ne5 {[%emt 0:05:45]} 15. O-O {[%emt 0:00:56]} Bc5 {[%emt 0:07:04]} 16. Be2 {[%emt 0:05:40]} Nc4 {[%emt 0:12:41]} 17. Bxc4 {[%emt 0:01:38]} dxc4 {[%emt 0:00:05]} 18. Rad1 {[%emt 0:01:29]} Qe7 {[%emt 0:03:51]} 19. Qe2 {[%emt 0:01:52]} Qe5 {[%emt 0:08:15]} 20. Qxc4 {[%emt 0:26:03]} Bd6 {[%emt 0:01:35]} 21. g3 {[%emt 0:00:11]} Bh3 {[%emt 0:05:17]} 22. Rfe1 {[%emt 0:00:08]} a6 {[%emt 0:00:32]} 23. Nde2 {[%emt 0:04:43]} Rad8 {[%emt 0:05:33]} 24. Nf4 {[%emt 0:03:16]} Bc8 {[%emt 0:00:46]} 25. e4 {[%emt 0:02:10]} Qg5 {[%emt 0:06:50]} 26. Bb6 {[%emt 0:15:19]} Rd7 {[%emt 0:03:11]} 27. Ng2 {[%emt 0:06:49]} Bb8 {[%emt 0:04:10]} 28. Qc5 {[%emt 0:02:42]} Qh6 {[%emt 0:02:31]} 29. Nd5 {[%emt 0:00:25]} Nxd5 {[%emt 0:02:45]} 30. exd5 {[%emt 0:00:02]} Rf8 {[%emt 0:00:08]} 31. Ne3 {[%emt 0:01:18]} Qf6 {[%emt 0:01:47]} 32. f4 {[%emt 0:00:16]} Qxb2 {[%emt 0:01:48]} 33. Nf5 {[%emt 0:00:07]} Qf6 {[%emt 0:00:48]} 34. d6 {[%emt 0:00:14]} Kh8 {[%emt 0:00:29]} 35. Qe5 {[%emt 0:01:42]} Qxe5 {[%emt 0:00:24]} 36. fxe5 {[%emt 0:00:06]} Rdd8 {[%emt 0:00:36]} 37. Bxd8 {[%emt 0:00:25]} Rxd8 {[%emt 0:00:08]} 38. Ne7 {[%emt 0:01:09]} Bh3 {[%emt 0:00:30]} 39. Rb1 {[%emt 0:00:29]} Ba7+ {[%emt 0:00:32]} 40. Kh1 {[%emt 0:00:00]} Rd7 {[%emt 0:00:50]} 41. Rec1 {[%emt 0:00:31]} h5 {[%emt 0:02:40]} 42. Rc7 {[%emt 0:01:13]} b5 {[%emt 0:01:43]} 43. Rbc1 {[%emt 0:03:14]} Bb6 {[%emt 0:06:09]} 44. Rxd7 {[%emt 0:10:09]} Bxd7 {[%emt 0:00:02]} 45. Rc7 {[%emt 0:00:09]} Bxc7 {[%emt 0:04:57]} 46. dxc7 {[%emt 0:01:40]} a5 {[%emt 0:01:53]} 47. c8=Q+ {[%emt 0:00:39]} Bxc8 {[%emt 0:00:03]} 48. Nxc8 {[%emt 0:00:07]} b4 {[%emt 0:12:21]} 49. Nb6 {[%emt 0:00:14]} Kh7 {[%emt 0:00:17]} 50. Kg2 {[%emt 0:00:24]} Kg6 {[%emt 0:00:01]} 51. Kf3 {[%emt 0:00:11]} Kf5 {[%emt 0:00:03]} 52. h3 {[%emt 0:00:37]} g5 {[%emt 0:05:11]} 53. Ke3 {[%emt 0:00:28]} Kxe5 {[%emt 0:00:20]} 54. Nc4+ {[%emt 0:00:03]} Kd5 {[%emt 0:00:09]} 55. Nxa5 {[%emt 0:00:03]} f5 {[%emt 0:00:01]} 56. Kf3 {[%emt 0:02:32]} Kc5 {[%emt 0:01:40]} 57. h4 {[%emt 0:00:19]} gxh4 {[%emt 0:00:12]} 58. gxh4 {[%emt 0:00:02]} Kb5 {[%emt 0:00:11]} 59. Nb3 {[%emt 0:00:18]} Ka4 {[%emt 0:01:19]} 60. Nd4 {[%emt 0:00:08]} 1-0

[Event "EIWCC 2017"]
[Site "Riga"]
[Date "2017.04.13"]
[Round "3"]
[White "Hoolt, Sarah"]
[Black "Muzychuk, Mariya"]
[Result "1/2-1/2"]
[WhiteElo "2398"]
[BlackElo "2546"]
[Annotator "TA"]
[PlyCount "67"]
[EventDate "2017.??.??"]
[EventType "swiss"]
[EventCountry "LAT"]
[SourceTitle "playchess.com"]
[Source "ChessBase"]
[SourceQuality "1"]

{[%evp 14,67,27,32,31,20,34,22,43,13,41,41,53,62,62,61,59,55,59,51,62,56,59,58,42,40,72,42,80,89,68,81,108,115,127,130,113,122,187,169,254,268,272,131,135,34,40,33,31,11,11,11,16,17,22,0]} 1. e4 c5 2. Nf3 d6 3. Bb5+ Nd7 4. d4 cxd4 5. Qxd4 a6 6. Be2 {B51: Sicilian: Moscow Variation (3 Bb5+) without 3...Bd7} (6. Bxd7+ Bxd7 7. Nc3 e5 8. Qd3 Rc8 9. O-O h6 10. Nd2 Qc7 11. Rd1 Bg4 12. f3 Be6 13. Nf1 Nf6 14. Ne3 Be7 15. a4 O-O {½-½ (62) Adams,M (2748)-Giri,A (2771) London 2016}) 6... e5 7. Qe3 Ngf6 8. c4 {LiveBook: 3 Games. White has an edge.} b6 $146 (8... Be7 9. Nc3 O-O 10. O-O Nc5 11. h3 Bd7 12. Rd1 Qb8 13. b3 b5 {1-0 (53) Burg,T (2509)-Ftacnik,L (2556) Germany 2016}) 9. Nc3 Bb7 10. O-O Nc5 {[%cal Rc5e4,Bd7c5,Bc5e6,Be6d4][%mdl 32]} 11. Nd2 Ne6 12. Nd5 Nd4 13. Bd3 Be7 14. Nb3 Nxd5 15. exd5 Nxb3 16. axb3 O-O 17. f4 exf4 18. Qh3 {[%csl Gd3][%cal Rh3h7]} g6 19. Bxf4 {And now Bh6 would win.} Bf6 20. Qg3 $36 {[%mdl 2048] White has some pressure.} Bxb2 21. Bxd6 Bxa1 22. Rxa1 Re8 23. Rf1 b5 24. Qf4 $1 {[%cal Rf4f7]} (24. Be5 $6 Qe7 25. Bd4 Rad8 $11) 24... f6 25. h4 $1 (25. Qxf6 Qxf6 26. Rxf6 a5 $11) 25... bxc4 (25... Bc8 $16 {keeps fighting.}) 26. bxc4 $18 a5 {[#]} (26... Bc8 $142 27. c5 (27. Qxf6 Bf5 28. Qxd8 Raxd8 29. Bxf5 Rxd6 30. Be6+ Rexe6 31. dxe6 Rxe6 $11) 27... f5) 27. h5 $1 {[%cal Rh5g6]} (27. Qxf6 Qxf6 28. Rxf6 Re3 $17) 27... Ra6 (27... f5 $6 {[#]} 28. Bxf5 $1 {[%mdl 512]} Qf6 29. hxg6 hxg6 30. Be6+ Rxe6 31. Qxf6 Rxf6 32. Rxf6 $18) 28. Bc7 ({But not} 28. Qxf6 $2 Qxf6 29. Rxf6 Kg7 $19) (28. Ba3 $18 {has better winning chances.}) 28... Qe7 29. hxg6 (29. d6 $16 Qe3+ 30. Qxe3 Rxe3 31. Rd1) 29... hxg6 $14 {White must now prevent ...Qc5+.} 30. Bxg6 Qe3+ $1 ({Don't take} 30... Rc8 $2 31. d6 Qg7 32. Qg4 Rxc7 33. Re1 $18 (33. dxc7 f5 34. Bxf5 Qxg4 35. Bxg4 Rc6 $16)) 31. Qf2 Qxf2+ {The position is equal.} 32. Kxf2 Rc8 33. d6 {[%cal Bd5d6,Bd6d7][%mdl 32] Hoping for d7.} Rc6 34. d7 1/2-1/2

[Event "EIWCC 2017"]
[Site "Riga"]
[Date "2017.04.13"]
[Round "3"]
[White "Nechaeva, Marina"]
[Black "Kantane, Anna"]
[Result "1-0"]
[WhiteElo "2395"]
[BlackElo "2230"]
[Annotator "NA"]
[PlyCount "85"]
[EventDate "2017.??.??"]
[EventType "swiss"]
[EventCountry "LAT"]
[SourceTitle "playchess.com"]
[Source "ChessBase"]
[SourceQuality "1"]
[TimeControl "40/5400+30:1800+30"]

1. d4 {[%emt 0:00:00]} Nf6 {[%emt 0:00:16]} 2. c4 {[%emt 0:00:00]} g6 {[%emt 0:00:06]} 3. Nf3 {[%emt 0:00:00]} Bg7 {[%emt 0:00:21]} 4. g3 {[%emt 0:00:07]} O-O {[%emt 0:00:28]} 5. Bg2 {[%emt 0:00:03]} d5 {[%emt 0:00:46]} 6. O-O {[%emt 0:00:30]} dxc4 {[%emt 0:08:34]} 7. Na3 {[%emt 0:00:10]} c3 {[%emt 0:00:20]} 8. bxc3 {[%emt 0:00:05]} c5 {[%emt 0:00:38]} 9. Ne5 {[%emt 0:01:25]} Nfd7 {[%emt 0:08:15]} 10. Nac4 {[%emt 0:02:04]} Nxe5 {[%emt 0:19:06]} 11. Nxe5 {[%emt 0:00:08]} Nd7 {[%emt 0:05:55]} 12. Nxd7 {[%emt 0:02:11]} Qxd7 {[%emt 0:05:17]} 13. dxc5 {[%emt 0:02:54]} Qc7 {[%emt 0:03:30]} 14. Be3 $14 {[%emt 0:03:39]} Bxc3 {[%emt 0:01:05]} 15. Rb1 {[%emt 0:01:00]} Rb8 {[%emt 0:03:23]} 16. Qa4 {[%emt 0:17:31]} Bf5 {[%emt 0:11:01]} 17. Rbc1 {[%emt 0:00:48]} Bb2 {[%emt 0:00:32]} 18. Rc4 {[%emt 0:00:20]} Rfc8 {[%emt 0:11:33]} 19. Qb5 {[%emt 0:21:19]} Bf6 {[%emt 0:01:13]} 20. Rfc1 {[%emt 0:13:43]} Bd7 {[%emt 0:04:53]} 21. Qb1 {[%emt 0:03:45]} Bc6 {[%emt 0:01:55]} 22. Rb4 {[%emt 0:00:06]} Bxg2 {[%emt 0:03:27]} 23. Kxg2 {[%emt 0:00:03]} Rd8 {[%emt 0:02:29]} 24. Qe4 {[%emt 0:06:41]} Qc6 {[%emt 0:06:48]} 25. Rcb1 {[%emt 0:00:51]} Qxe4+ {[%emt 0:00:17]} 26. Rxe4 {[%emt 0:00:04]} Rdc8 {[%emt 0:00:47]} 27. Ra4 {[%emt 0:03:40]} a6 {[%emt 0:00:27]} 28. Rab4 {[%emt 0:00:10]} Rc7 {[%emt 0:00:33]} 29. Rb6 {[%emt 0:00:12]} Rbc8 {[%emt 0:00:29]} 30. Rxb7 {[%emt 0:00:07]} e6 {[%emt 0:00:32]} 31. R7b6 {[%emt 0:11:04]} Be7 {[%emt 0:00:25]} 32. Rxa6 {[%emt 0:00:07]} Bxc5 {[%emt 0:00:16]} 33. Bf4 {[%emt 0:01:19]} Rd7 {[%emt 0:00:44]} 34. a4 {[%emt 0:03:00]} Ba7 {[%emt 0:00:12]} 35. Be5 {[%emt 0:01:20]} Kf8 {[%emt 0:00:46]} 36. Rd6 {[%emt 0:03:02]} Rdc7 {[%emt 0:00:36]} 37. Rd3 {[%emt 0:01:28]} Rc2 {[%emt 0:00:26]} 38. Rb7 {[%emt 0:00:07]} Bc5 {[%emt 0:00:17]} 39. e3 {[%emt 0:02:34]} Ra2 {[%emt 0:00:18]} 40. Rdd7 {[%emt 0:00:00]} Bxe3 {[%emt 0:00:56]} 41. Rxf7+ {[%emt 0:00:14]} Ke8 {[%emt 0:00:47]} 42. Rbe7+ {[%emt 0:00:08]} Kd8 {[%emt 0:00:06]} 43. Bd6 {[%emt 0:00:15]} 1-0

[Event "EIWCC 2017"]
[Site "Riga"]
[Date "2017.04.13"]
[Round "3"]
[White "Tsolakidou, Stavroula"]
[Black "Berzina, Ilze"]
[Result "0-1"]
[WhiteElo "2395"]
[BlackElo "2297"]
[Annotator "NA"]
[PlyCount "96"]
[EventDate "2017.??.??"]
[EventType "swiss"]
[EventCountry "LAT"]
[SourceTitle "playchess.com"]
[Source "ChessBase"]
[SourceQuality "1"]
[TimeControl "40/5400+30:1800+30"]

1. e4 c6 {[%emt 1:31:00]} 2. Nf3 d5 {[%emt 0:00:30]} 3. d3 Bg4 {[%emt 0:00:30]} 4. Be2 Nd7 {[%emt 0:00:30]} 5. Nfd2 Bxe2 {[%emt 0:00:30]} 6. Qxe2 dxe4 {[%emt 0:00:30]} 7. dxe4 e5 8. Nc4 Ngf6 {[%emt 0:01:00]} 9. f3 Bc5 {[%emt 0:00:30]} 10. Be3 Qe7 11. O-O O-O {[%emt 0:01:00]} 12. Nbd2 Nh5 {[%emt 0:00:30]} 13. g3 Rad8 14. Nb3 Bxe3+ {[%emt 0:01:00]} 15. Nxe3 g6 {[%emt 0:00:30]} 16. Qf2 Ng7 {[%emt 0:00:30]} 17. Rad1 Nb6 {[%emt 0:00:30]} 18. Rd2 Rxd2 19. Qxd2 Rd8 20. Qa5 Nc8 {[%emt 0:01:30]} 21. Ng4 f6 {[%emt 0:00:30]} 22. Qc5 Qxc5+ 23. Nxc5 b6 {[%emt 0:01:00]} 24. Nxf6+ Kf7 {[%emt 0:00:30]} 25. Ncd7 Ke7 {[%emt 0:00:30]} 26. f4 Rxd7 27. Nxd7 Kxd7 {[%emt 0:01:00]} 28. f5 Nd6 {[%emt 0:00:30]} 29. fxg6 hxg6 30. Rf6 g5 {[%emt 0:01:00]} 31. Rg6 Ne6 32. h4 Ke7 {[%emt 0:01:00]} 33. Rh6 Nxe4 34. Rh7+ Kf6 {[%emt 0:01:00]} 35. Rxa7 Nxg3 36. hxg5+ Kxg5 37. Ra6 e4 {[%emt 0:01:30]} 38. Rxb6 Nd4 {[%emt 0:00:30]} 39. c3 Nc2 40. Rxc6 e3 {[%emt 0:31:00]} 41. Re6 Kf4 {[%emt 0:00:30]} 42. Rxe3 Nxe3 {[%emt 0:00:30]} 43. a4 Ne4 44. Kh2 Ng5 45. a5 Kf3 {[%emt 0:01:22]} 46. Kg1 Kg3 47. a6 Nf3+ 48. Kh1 Ng4 0-1

[Event "EIWCC 2017"]
[Site "Riga"]
[Date "2017.04.13"]
[Round "3"]
[White "Michna, Marta"]
[Black "Galojan, Lilit"]
[Result "1-0"]
[WhiteElo "2389"]
[BlackElo "2290"]
[Annotator "NA"]
[PlyCount "85"]
[EventDate "2017.??.??"]
[EventType "swiss"]
[EventCountry "LAT"]
[SourceTitle "playchess.com"]
[Source "ChessBase"]
[SourceQuality "1"]
[TimeControl "40/5400+30:1800+30"]

1. d4 {[%emt 0:00:00]} Nf6 {[%emt 0:00:09]} 2. Bg5 {[%emt 0:00:19]} c5 {[%emt 0:00:25]} 3. Bxf6 {[%emt 0:01:13]} gxf6 {[%emt 0:00:06]} 4. d5 {[%emt 0:00:32]} Qb6 {[%emt 0:00:14]} 5. Qc1 {[%emt 0:00:20]} f5 {[%emt 0:00:07]} 6. g3 {[%emt 0:08:18]} Bg7 {[%emt 0:00:10]} 7. c3 {[%emt 0:00:05]} d6 {[%emt 0:00:31]} 8. Nd2 {[%emt 0:02:45]} Nd7 {[%emt 0:04:02]} 9. Qc2 {[%emt 0:07:36]} Nf6 {[%emt 0:01:28]} 10. Bg2 {[%emt 0:06:06]} Bd7 {[%emt 0:00:25]} 11. Nh3 {[%emt 0:10:42]} h5 {[%emt 0:00:12]} 12. Nf4 {[%emt 0:17:15]} h4 {[%emt 0:00:07]} 13. Nc4 {[%emt 0:07:08]} Qc7 {[%emt 0:22:15]} 14. a4 {[%emt 0:00:33]} hxg3 {[%emt 0:12:49]} 15. hxg3 {[%emt 0:00:03]} Rxh1+ {[%emt 0:00:08]} 16. Bxh1 {[%emt 0:00:02]} Bh6 {[%emt 0:11:29]} 17. Bf3 {[%emt 0:01:38]} Bxf4 {[%emt 0:04:14]} 18. gxf4 {[%emt 0:00:08]} O-O-O {[%emt 0:00:50]} 19. O-O-O {[%emt 0:02:19]} Kb8 {[%emt 0:02:51]} 20. Rg1 {[%emt 0:03:34]} Rg8 {[%emt 0:02:53]} 21. Rxg8+ {[%emt 0:06:38]} Nxg8 {[%emt 0:00:11]} 22. Bh5 {[%emt 0:00:10]} Nh6 {[%emt 0:00:39]} 23. Qd1 {[%emt 0:06:22]} Qd8 {[%emt 0:00:19]} 24. Qg1 {[%emt 0:01:10]} Qf8 {[%emt 0:06:34]} 25. a5 {[%emt 0:02:06]} Kc7 {[%emt 0:13:16]} 26. Qg5 {[%emt 0:02:30]} Ng8 {[%emt 0:06:46]} 27. Ne3 {[%emt 0:00:27]} e6 {[%emt 0:03:22]} 28. Kd2 {[%emt 0:04:34]} Be8 {[%emt 0:02:26]} 29. Bf3 {[%emt 0:00:33]} f6 {[%emt 0:03:00]} 30. Qg2 {[%emt 0:00:29]} e5 {[%emt 0:00:12]} 31. Nxf5 {[%emt 0:01:53]} Ne7 {[%emt 0:02:28]} 32. Qg7 {[%emt 0:03:27]} Qxg7 {[%emt 0:00:07]} 33. Nxg7 {[%emt 0:00:02]} Bf7 {[%emt 0:01:05]} 34. c4 {[%emt 0:00:32]} Kd8 {[%emt 0:01:03]} 35. Bh5 {[%emt 0:02:03]} Bxh5 {[%emt 0:00:05]} 36. Nxh5 {[%emt 0:00:01]} Ng8 {[%emt 0:00:02]} 37. Ke3 {[%emt 0:00:56]} Ke7 {[%emt 0:00:31]} 38. Ke4 {[%emt 0:00:53]} Nh6 {[%emt 0:00:42]} 39. Ng3 {[%emt 0:00:16]} Ng4 {[%emt 0:00:43]} 40. Nf5+ {[%emt 0:00:00]} Kd7 {[%emt 0:00:08]} 41. Kf3 {[%emt 0:00:14]} Nh2+ {[%emt 0:00:32]} 42. Kg2 {[%emt 0:00:02]} Ng4 {[%emt 0:00:15]} 43. Kg3 {[%emt 0:00:02]} 1-0

[Event "EIWCC 2017"]
[Site "Riga"]
[Date "2017.04.13"]
[Round "3"]
[White "Ovod, Evgenija"]
[Black "Balajayeva, Khanim"]
[Result "1-0"]
[WhiteElo "2382"]
[BlackElo "2196"]
[Annotator "NA"]
[PlyCount "89"]
[EventDate "2017.??.??"]
[EventType "swiss"]
[EventCountry "LAT"]
[SourceTitle "playchess.com"]
[Source "ChessBase"]
[SourceQuality "1"]
[TimeControl "40/5400+30:1800+30"]

1. Nf3 {[%emt 0:00:00]} d5 {[%emt 0:00:20]} 2. d4 {[%emt 0:00:00]} Nf6 {[%emt 0:00:12]} 3. c4 {[%emt 0:00:00]} dxc4 {[%emt 0:00:58]} 4. e3 {[%emt 0:00:10]} e6 {[%emt 0:00:46]} 5. Bxc4 {[%emt 0:00:10]} a6 {[%emt 0:00:10]} 6. O-O {[%emt 0:01:31]} b5 {[%emt 0:00:20]} 7. Bd3 {[%emt 0:11:55]} Bb7 {[%emt 0:00:55]} 8. a4 {[%emt 0:02:22]} b4 {[%emt 0:01:02]} 9. Qe2 {[%emt 0:03:15]} c5 {[%emt 0:05:03]} 10. Rd1 {[%emt 0:00:38]} Nbd7 {[%emt 0:01:47]} 11. Nbd2 {[%emt 0:04:59]} Be7 {[%emt 0:11:32]} 12. Nc4 {[%emt 0:06:29]} Qc7 {[%emt 0:09:53]} 13. Bd2 {[%emt 0:21:51]} O-O {[%emt 0:06:01]} 14. Rac1 {[%emt 0:06:21]} Nb6 {[%emt 0:09:01]} 15. dxc5 {[%emt 0:05:03]} Qxc5 {[%emt 0:01:30]} 16. Nce5 {[%emt 0:13:03]} Qa5 {[%emt 0:02:10]} 17. Rc7 {[%emt 0:00:06]} Bxf3 {[%emt 0:01:22]} 18. Nxf3 {[%emt 0:00:05]} Nbd7 {[%emt 0:09:17]} 19. Rcc1 {[%emt 0:02:12]} Nc5 {[%emt 0:03:00]} 20. Bc2 {[%emt 0:01:25]} Rac8 {[%emt 0:00:46]} 21. Nd4 {[%emt 0:03:04]} Qb6 {[%emt 0:00:41]} 22. b3 {[%emt 0:01:08]} Nfe4 {[%emt 0:01:22]} 23. Be1 {[%emt 0:00:24]} Bf6 {[%emt 0:02:03]} 24. Bb1 {[%emt 0:02:50]} Nd6 {[%emt 0:04:29]} 25. Qd2 {[%emt 0:01:26]} a5 {[%emt 0:01:11]} 26. Bc2 {[%emt 0:00:45]} e5 {[%emt 0:07:59]} 27. Nf3 {[%emt 0:00:04]} Rfd8 {[%emt 0:00:13]} 28. Qe2 {[%emt 0:00:05]} g6 {[%emt 0:01:45]} 29. Nd2 {[%emt 0:05:41]} e4 {[%emt 0:01:54]} 30. f3 {[%emt 0:01:05]} exf3 {[%emt 0:04:22]} 31. Qxf3 {[%emt 0:01:34]} Bb2 {[%emt 0:00:44]} 32. Rb1 {[%emt 0:00:04]} Bg7 {[%emt 0:01:44]} 33. Bg3 {[%emt 0:03:48]} Ncb7 {[%emt 0:01:53]} 34. Bd3 {[%emt 0:01:53]} Rc3 {[%emt 0:01:03]} 35. Nc4 {[%emt 0:00:05]} Nxc4 {[%emt 0:04:00]} 36. Bxc4 {[%emt 0:00:02]} Rf8 {[%emt 0:05:19]} 37. Bf4 {[%emt 0:02:08]} Nc5 {[%emt 0:01:02]} 38. Rd6 {[%emt 0:00:12]} Qa7 {[%emt 0:00:10]} 39. h3 {[%emt 0:00:51]} Nxa4 {[%emt 0:00:36]} 40. Ra6 {[%emt 0:00:00]} Qc5 {[%emt 0:01:12]} 41. Bd6 {[%emt 0:03:32]} Qc8 {[%emt 0:02:15]} 42. Rc6 {[%emt 0:03:39]} Qe8 {[%emt 0:03:12]} 43. Bxf8 {[%emt 0:02:03]} Kxf8 {[%emt 0:03:24]} 44. Rf1 {[%emt 0:10:30]} f5 {[%emt 0:02:50]} 45. bxa4 1-0